Jenny of Oldstone(Game of Thrones) - full lyrics - Statistics

General Stats
  • This quiz has been taken 10 times
  • The average score is 133 of 187
Answer Stats
Hint Answer % Correct
and
100%
And
100%
in
100%
of
100%
on
100%
so
100%
the
100%
The
100%
who
100%
are
86%
for
86%
had
86%
Jenny
86%
night
86%
to
86%
dance
71%
day
71%
Intro High
71%
fall
71%
found
71%
ghosts
71%
gone
71%
hall
71%
halls
71%
her
71%
Outro High
71%
kings
71%
long
71%
lost
71%
loved
71%
most
71%
never
71%
Never
71%
ones
71%
she
71%
She
71%
that
71%
with
71%
would
71%
into
57%
leave
57%
names
57%
remember
57%
their
57%
They
57%
through
57%
Through
57%
very
57%
wanted
57%
again
43%
damp
43%
danced
43%
From
43%
old
43%
stone
43%
summer
43%
winter
43%
all
29%
around
29%
away
29%
been
29%
crumble
29%
did
29%
pain
29%
snow
29%
sorrow
29%
spun
29%
Spun
29%
walls
29%
swept
14%
Till
14%
couldn´t
0%
who´d
0%
No matching quizzes found
Score Distribution
Percent of People with Each Score
Percentile by Number Answered
Your Score History
You have not taken this quiz